Disney Character by Description - Statistics

General Stats
  • This quiz has been taken 53 times
    49 since last reset
  • The average score is 7 of 8
Answer Stats
Hint Answer % Correct
Ice powers Elsa
100%
The original mouse Mickey
100%
Name of the little mermaid Ariel
97%
Lost her glass slipper Cinderella
97%
Jolly, summer-loving snowman Olaf
97%
Red-headed, good at archery Merida
92%
Dwarf that doesn't end in "y" Bashful / Doc
86%
Nanny of the four Ross children Jessie
42%
No matching quizzes found
Score Distribution
Percent of People with Each Score
Percentile by Number Answered
Your Score History
You have not taken this quiz since the last reset